Welcome to CU Library Online Public Access Catalogue (OPAC)

LES ENVOUTEMENTS (Record no. 7645)

MARC details
000 -LEADER
fixed length control field 00299nam a22001337a 4500
005 - DATE AND TIME OF LATEST TRANSACTION
control field 20250923131815.0
008 - FIXED-LENGTH DATA ELEMENTS--GENERAL INFORMATION
fixed length control field 250923b |||||||| |||| 00| 0 eng d
050 ## - LIBRARY OF CONGRESS CALL NUMBER
Classification number PQ3919
Item number .2 ENV
100 ## - MAIN ENTRY--PERSONAL NAME
Personal name SERNINE DANIEL
245 ## - TITLE STATEMENT
Title LES ENVOUTEMENTS
260 ## - PUBLICATION, DISTRIBUTION, ETC.
Date of publication, distribution, etc. 1985
300 ## - PHYSICAL DESCRIPTION
Extent 109p
942 ## - ADDED ENTRY ELEMENTS (KOHA)
Source of classification or shelving scheme Library of Congress Classification
Koha item type Books
Suppress in OPAC No
999 ## -
-- 7645
-- 7645
Holdings
Withdrawn status Lost status Source of classification or shelving scheme Damaged status Not for loan Collection Home library Current library Shelving location Date acquired Total checkouts Full call number Barcode Date last seen Copy number Price effective from Koha item type
    Library of Congress Classification     Fiction Undergraduate Library (Christ Temple) Undergraduate Library (Christ Temple) General stacks 09/23/2025   PQ3919.2 ENV ulct00004938 09/23/2025 1 09/23/2025 Books
© 2023-2024 Copyright: Central University Libraries. All Rights Reserved | Created by: Mahone Tech Office